Регионална библиотека "Любен Каравелов" - Русе

Из истории реализма в русской живописи (Запис номер 210927)

MARC детайли
000 -Лидер
Контролно поле с фиксирана дължина 01692nkm a2200361 c 4500
003 - Код на организацията, давaща контролен номер
Контролно поле BLK
005 - Дата и час на последна редакция
Контролно поле 20180421002058.0
008 - Елементи от данни с фиксирана дължина
fixed length control field 180412b bul rap|r|||| r0| ||bulo|
010 ## - Наследен системен номер
LC control number KNG00173710000
040 ## - Източник на каталожния запис
Идентификатор на билиотеката - собственик на записа BLK
041 ## - Код за език
Код за езика на текст/звукозапис или на отделно заглавие Руски
Код за езика КДБФ Руски
Други езици Френски
080 ## - УДК
Текстов определител УДК Живопис - съвременни направления - Реализъм, импресионизъм и др. направления на ХХ в.
УДК код - определител по УДК 75.036
УДК определител (470)
УДК - код + определител 75.036(470)
139 ## - Редно поле
Редна дума Михайлова, Кира Владимировна и др.
Авторски знак Михаи - М 74
245 10 - Сведения за заглавието
Заглавие Из истории реализма в русской живописи
Редно поле (дума) состав. Кира Владимировна Михайлова; состав. Георгий Викторович Смирнов; состав. Зинаида Прохоровна Челюбеева.
246 11 - Различни форми на заглавието
Паралелно заглавие De l'histoire du realisme dans la peinture russe
257 ## - Страна на издаване
Страна на създаване/издаване СССР
260 ## - Област на издателските данни
-- Москва
Име на издателя, разпространителя и проч. Изобраз. искусство
Година на издаване 1982
300 ## - Физическа характеристика
Страници 210 с.
Илюстрации и др. с ил.
Размери/Мащаб 30 см
380 ## - Жанр
Жанр Изкуство
500 ## - Общи забележки
Забележка Списък на ил. - 50 000 тир.
650 #4 - Допълнително описание по предмет – тема
Основно описание – тема или топоним Живопис, руска
9 (RLIN) 278366
651 #4 - Допълнително описание по предмет - топоним
Географско понятие Русия
9 (RLIN) 179465
653 ## - Ключова дума – ненормативна
Ключова дума руска живопис
653 ## - Ключова дума – ненормативна
Ключова дума реализъм
700 1# - Други автори (авторска отговорност)
Лично име Михайлова, Кира Владимировна
Автороска отговорност (Описва отношението между автора и произведението) состав.
9 (RLIN) 352650
700 1# - Други автори (авторска отговорност)
Лично име Смирнов, Георгий Викторович
Автороска отговорност (Описва отношението между автора и произведението) состав.
9 (RLIN) 352651
700 1# - Други автори (авторска отговорност)
Лично име Челюбеева, Зинаида Прохоровна
Автороска отговорност (Описва отношението между автора и произведението) состав.
9 (RLIN) 141223
852 ## - Местоположение
Форматна сигнатура Цб Гр А ІІ 3196
856 4# - Електронен адрес и достъп
Електронен формат pdf - файл
Път до файла /url/
856 4# - Електронен адрес и достъп
Електронен формат pdf - файл
Път до файла /url/
942 ## - АРТИКУЛИ
Вид на библиотечния материал Графични издания
Скрит в OPAC Не
944 ## - СЪЗДАВАНЕ И РЕДАКЦИЯ на ЗАПИСА
Създаване/Редакция Създаване
Дата на регистрацията/редакция 02.04.2015
Служител, извършил регистрацията/редакцията Камелия_Данева
944 ## - СЪЗДАВАНЕ И РЕДАКЦИЯ на ЗАПИСА
Създаване/Редакция Редакция
Дата на регистрацията/редакция 15.04.2015
Служител, извършил регистрацията/редакцията Камелия_Данева
999 ## - СИСТЕМНИ КОНТРОЛНИ НОМЕРА
Koha biblionumber 210927
Koha biblioitemnumber 210927
Наличности
Код за отписване Код за изгубен артикул Източник на класификационната схема Код за повреда Коз за рестрикции Код за отдаване Артикулен № Име на библиотеката - собственик Име на библиотеката, в която се намира в момента Статус (Текущо местоположение) Дата на вписване в системата Местоположение - отдел Цена в лева Инвентарен номер Систематично азбучна сигнатура Баркод Номер на екземпляра Цена в евро Служебна бележка Служебен тип на артикула
  Не е изгубен Universal Decimal Classification Не е повреден без рестрикции заемане за дома 362691 Регионална библиотека "Любен Каравелов" Русе Регионална библиотека "Любен Каравелов" Русе Отдел Изкуство - подръчен фонд 1982-01-01 Отдел Изкуство - подръчен фонд 9.68 430793 75/М 74 120000430793 1 4.95 Дост: Pk Вид: Ф N: стар фонд Дата: 01.01.1982 Графични издания
Изтеглен Не е изгубен Universal Decimal Classification Не е повреден само за читалня ползва се в читалня 362692 Регионална библиотека "Любен Каравелов" Русе Регионална библиотека "Любен Каравелов" Русе Хранилище 1982-01-01 Основен фонд - ползва се само за читалня 9.68 430794 Цб Гр А ІІ 3196 430794 2 4.95 Дост: Pk Вид: Ф N: стар фонд Дата: 01.01.1982 Графични издания
Vip Innovations Ltd, Rousse, Bulgaria 2025